|
|
|
|
| LEADER |
00000nta a2200000 i 4500 |
| 001 |
dolg4111 |
| 005 |
20151212132844.0 |
| 008 |
151205suuuu hu o 000 hun d |
| 040 |
|
|
|a BGE Dolgozattár Repozitórium
|b hun
|
| 041 |
|
|
|a hu
|
| 100 |
1 |
|
|a Pirovits Evelin
|
| 245 |
1 |
0 |
|a Szállítmányozási és logisztikai tevékenység az Eurosped Zrt.-nél
|c Pirovits Evelin
|h [elektronikus dokumentum]
|
| 516 |
|
|
|a Final_paper
|
| 695 |
|
|
|a Logisztikai folyamatok
|
| 700 |
1 |
|
|a Hrabovszki Zsuzsa
|e ths
|
| 856 |
4 |
0 |
|u http://dolgozattar.uni-bge.hu/4111/1/Pirovits%20Evelin%20%28R9CNLZ%29%20szakdolgozat%202015..pdf
|z Dokumentum-elérés
|